000 00571nam a2200229Ia 4500
003 OSt
005 20220918201339.0
006 a|||||r|||| 00| 0
007 ta
008 220917b |||||||| |||| 00| 0 eng d
024 _a93,252
037 _cTextual
040 _aARTS
_cARTS
_beng
041 _2eng
_aeng
082 _aV1-1:1L, J4
100 _aNowell C E
_998242
245 0 _aGreat discoveries and the first colonial empires
260 _c1954
650 _aHISTORY
942 _hV1-1:1L, J4
_cTEXL
_2CC
999 _c216899
_d216899